| 000 | 01221nam a22003617a 4500 | ||
|---|---|---|---|
| 003 | CHAP | ||
| 005 | 20220329141650.0 | ||
| 008 | 971013s1947 r 00010 d | ||
| 010 | _a71851 | ||
| 011 | _a72823 | ||
| 035 | _a82379 | ||
| 040 | _cCHAP | ||
| 090 | _aTesis | ||
| 100 | 0 | 0 |
_aAguilar Vergara, Dagoberto. _92870 |
| 245 | _aEstudio económico agrícola de la producción de hule en la zona de Pichucalco, Chis. | ||
| 260 |
_aChapingo, Méx. : _bEl autor, _c1947 |
||
| 300 |
_apág. varía _b: ilus. |
||
| 500 | _ac.4 en bodega | ||
| 502 | _aTesis (Ing. Agr. Esp. en Economía) -- ENA. Departamento de Economía | ||
| 590 |
_aALEPH _b10 _c20130110 _lUCH01 _h1412 |
||
| 590 |
_aBATCH-UPD _b10 _c20130110 _lUCH01 _h0302 |
||
| 590 |
_aBATCH-UPD _b10 _c20130110 _lUCH01 _h2238 |
||
| 590 |
_aBATCH-UPD _b10 _c20130409 _lUCH01 _h2334 |
||
| 590 |
_aBATCH-UPD _b10 _c20130913 _lUCH01 _h2322 |
||
| 590 |
_aCONVERSION _b10 _c20130109 _lUCH01 _h1339 |
||
| 650 | 1 | 4 |
_aCaucho _xChiapas. _920542 |
| 650 | 1 | 4 |
_aCaucho _xCostos de producción. _920544 |
| 901 | _aBK | ||
| 942 | _cFOLL | ||
| 949 |
_bBC _cTES _d-36409 _eTS1 _i82379 _si |
||
| 949 |
_bBC _cTES _d-36410 _eTS2 _fc.2 _i82379 _si |
||
| 949 |
_bBC _cTES _d-36411 _eTS2 _fc.3 _i82379 _si |
||
| 999 |
_c71851 _d71851 |
||